Fenner's veterinary virology

This reference presents the fundamental principles of veterinary virology, virus structure, genome replication, and viral diseases of animals, while also focusing on the topics' clinical aspects.

Wedi'i Gadw mewn:
Manylion Llyfryddiaeth
Fformat: Llyfr
Iaith:Undetermined
Cyhoeddwyd: Amsterdam, Netherlands Academic Press 2017
Pynciau:
Tagiau: Ychwanegu Tag
Dim Tagiau, Byddwch y cyntaf i dagio'r cofnod hwn!
Thư viện lưu trữ: Trung tâm Học liệu Trường Đại học Cần Thơ
LEADER 00741nam a2200193Ia 4500
001 CTU_226352
008 210402s9999 xx 000 0 und d
082 |a 636.0896 
082 |b F336 
245 0 |a Fenner's veterinary virology 
245 0 |c Edited by N. James Maclachlan ... [et al.] 
260 |a Amsterdam, Netherlands 
260 |b Academic Press 
260 |c 2017 
520 |a This reference presents the fundamental principles of veterinary virology, virus structure, genome replication, and viral diseases of animals, while also focusing on the topics' clinical aspects. 
650 |a Virus Diseases,Bệnh Virus 
650 |x Veterinary,Thú y 
910 |b nthai 
980 |a Trung tâm Học liệu Trường Đại học Cần Thơ